000 00612nam a2200205Ia 4500
003 IEPS
005 20250703135254.0
008 250223s9999||||xx |||||||||||||| ||und||
020 _a140308977
040 _CIEPS
041 _aara
082 _a025.431
100 _aشريف محمد عبد الجواد
245 0 _aتصنيف ديوي العشري
245 0 _bالكشاف النسبي
260 _aالاسكندرية
_bالعلم و الايمان للنشر و التوزيع
_c2008
300 _a367 ص.
_bجداول
_c24 سم.
653 _aتصنيف ديوي العشري
942 _cكتاب
999 _c12008
_d12008